Science For Engineering 3rd/ed (Record no. 320369)
[ view plain ]
| 000 -LEADER | |
|---|---|
| fixed length control field | 00239 a2200109 4500 |
| 001 - CONTROL NUMBER | |
| control field | 85296 |
| 082 ## - DEWEY DECIMAL CLASSIFICATION NUMBER | |
| Classification number | 500.202462 BIR |
| 090 ## - LOCALLY ASSIGNED LC-TYPE CALL NUMBER (OCLC); LOCAL CALL NUMBER (RLIN) | |
| -- | 40103 |
| -- | 40102 |
| 100 ## - MAIN ENTRY--PERSONAL NAME | |
| Personal name | Bird,J. |
| 245 ## - TITLE STATEMENT | |
| Title | Science For Engineering 3rd/ed |
| 260 ## - PUBLICATION, DISTRIBUTION, ETC. | |
| Name of publisher, distributor, etc. | Newnes |
| 942 ## - ADDED ENTRY ELEMENTS (KOHA) | |
| Institution code [OBSOLETE] | NUST-CAE |
| Call number prefix | 500.202462 BIR |
| Withdrawn status | Lost status | Damaged status | Not for loan | Collection code | Permanent Location | Current Location | Date acquired | Total Checkouts | Full call number | Barcode | Date last seen | Price effective from | Koha item type |
|---|---|---|---|---|---|---|---|---|---|---|---|---|---|
| College of Aeronautical Engineering (CAE) | College of Aeronautical Engineering (CAE) | 04/03/2017 | 500.202462 BIR | CAEN-3134 | 04/05/2017 | 04/05/2017 | Book |
